[Event "AUTO-ADV-2914"]
[Site "http://www.queenalice.com/game.php?id=1202146"]
[Date "2013.7.24"]
[Round "1"]
[White "chessguy"]
[Black "brunooliveira"]
[Result "1-0"]
[WhiteElo "1810"]
[BlackElo "1664"]

1. d4 Nf6 2. Nf3 g6 3. Bf4 Bg7 4. e3 O-O 5. c4 d6 6. Nc3 Nc6 7. d5 Nb8 8. Be2 e5
9. Bg3 a5 10. h4 Nh5 11. Ng5 Nxg3 12. fxg3 h6 13. Nge4 f5 14. Nf2 Na6 15. O-O
Nc5 16. g4 Qxh4 17. Nh1 fxg4 18. g3 Rxf1+ 19. Qxf1 Qg5 20. Qf2 Bf5 21. Nb5 Ne4
22. Qg2 Qxe3+ 23. Kh2 c6 24. Nc7 Rc8 25. Ne6 1-0

[Event "AUTO-ADV-2914"]
[Site "http://www.queenalice.com/game.php?id=1202157"]
[Date "2013.7.24"]
[Round "1"]
[White "chessguy"]
[Black "Champignac"]
[Result "0-1"]
[WhiteElo "1822"]
[BlackElo "1925"]

1. d4 d5 2. Nf3 Bg4 3. Bf4 Nf6 4. h3 Bf5 5. e3 Nc6 6. Ne5 Nxe5 7. dxe5 Ne4 8.
Bd3 e6 9. c4 Bb4+ 10. Ke2 O-O 11. h4 Bg4+ 12. f3 Ng3+ 13. Bxg3 Bh5 14. Bf2 f6
15. g4 Bf7 16. Qc2 fxe5 17. Bxh7+ Kh8 18. h5 e4 19. Bxe4 dxe4 20. Qxe4 Qf6 21.
Nc3 Rad8 22. h6 Bg6 23. Qxb7 Bxc3 24. bxc3 Bd3+ 0-1

[Event "AUTO-ADV-2914"]
[Site "http://www.queenalice.com/game.php?id=1202158"]
[Date "2013.7.24"]
[Round "1"]
[White "Champignac"]
[Black "chessguy"]
[Result "1-0"]
[WhiteElo "1927"]
[BlackElo "1810"]

1. d4 d5 2. c4 e6 3. Nc3 Nf6 4. Nf3 dxc4 5. e4 c5 6. Be3 b6 7. Bxc4 Bb7 8. O-O
Nxe4 9. Ne5 Bd6 10. Nxe4 Bxe4 11. Nxf7 Kxf7 12. f4 Nc6 13. d5 exd5 14. Bxd5+
Bxd5 15. Qh5+ g6 16. Qxd5+ Ke7 17. Qxc6 Qc7 18. Qe4+ Kd7 19. Rad1 Rhe8 20. Qf3
Qc6 21. Qh3+ Kd8 22. f5 gxf5 23. Bf4 Kc7 24. Bxd6+ Kb7 25. Qxh7+ Ka6 26. Qxf5
Rad8 27. Qd3+ Kb7 28. Rf7+ Ka8 29. Qh7 1-0

[Event "AUTO-OPEN-3136"]
[Site "http://www.queenalice.com/game.php?id=1238081"]
[Date "2013.12.6"]
[Round "1"]
[White "pizzaiolo72"]
[Black "chessguy"]
[Result "1-0"]
[WhiteElo "1938"]
[BlackElo "1794"]

1. e4 Nc6 2. d4 e6 3. Nf3 d5 4. e5 Nge7 5. Bg5 h6 6. Bh4 g5 7. Bg3 Bg7 8. h3 Nf5
9. c3 h5 10. Bh2 g4 11. hxg4 hxg4 12. Nfd2 g3 13. fxg3 Nxg3 14. Qg4 Nf5 15. Bb5
Rh4 16. Qf3 Bh6 17. Bxc6+ bxc6 18. Na3 Qg5 19. O-O-O Ke7 20. Nc2 a5 21. Kb1 a4
22. a3 Ba6 23. Nb4 Ne3 24. Bg3 Bd3+ 25. Nxd3 Nxd1 26. Bxh4 Qxh4 27. Rxh4 1-0

[Event "AUTO-OPEN-3136"]
[Site "http://www.queenalice.com/game.php?id=1238082"]
[Date "2013.12.6"]
[Round "1"]
[White "chessguy"]
[Black "pizzaiolo72"]
[Result "0-1"]
[WhiteElo "1803"]
[BlackElo "1985"]

1. d4 Nf6 2. Nf3 c5 3. Bf4 cxd4 4. Nxd4 Nc6 5. e3 g6 6. Nc3 Bg7 7. Nxc6 bxc6 8.
Bc4 O-O 9. O-O Nh5 10. Re1 Nxf4 11. exf4 Rb8 12. b3 Bxc3 13. Re3 Bxa1 14. Qxa1
d5 15. Bd3 d4 16. Re2 c5 17. Qe1 e6 18. g4 Qh4 19. f3 Qxe1+ 20. Rxe1 Bb7 21. Kf2
f5 22. g5 Rfe8 23. Bc4 Bd5 24. Bd3 Kg7 25. Kg3 h6 0-1

[Event "AUTO-OPEN-3136"]
[Site "http://www.queenalice.com/game.php?id=1238109"]
[Date "2013.12.6"]
[Round "1"]
[White "maurice91"]
[Black "chessguy"]
[Result "1-0"]
[WhiteElo "1839"]
[BlackElo "1818"]

1. d4 Nf6 2. c4 e6 3. Nc3 c5 4. e3 d5 5. cxd5 Nxd5 6. dxc5 Bxc5 7. Bd2 b6 8. Nf3
Bb7 9. Be2 Nd7 10. Nxd5 Bxd5 11. Bc3 Nf6 12. O-O O-O 13. Nd2 Bd6 14. Bf3 Qc7 15.
g3 Rac8 16. Rc1 Qb8 17. e4 Ba8 18. Re1 Be5 19. Bxe5 Qxe5 20. b3 Bb7 21. Nc4 Qb8
22. Bg2 Qa8 23. f3 b5 24. Nd6 Rcd8 25. Qd3 Ne8 26. e5 1-0

[Event "AUTO-OPEN-3136"]
[Site "http://www.queenalice.com/game.php?id=1238110"]
[Date "2013.12.6"]
[Round "1"]
[White "chessguy"]
[Black "maurice91"]
[Result "0-1"]
[WhiteElo "1744"]
[BlackElo "1828"]

1. d4 d5 2. Nf3 c6 3. Bf4 Na6 4. e3 Nc7 5. c4 Nf6 6. Nc3 dxc4 7. Bxc4 e6 8. O-O
Nfd5 9. Qb3 Bd6 10. Bg3 b6 11. e4 Nxc3 12. Qxc3 Bxg3 13. fxg3 b5 14. Bd3 a6 15.
Rad1 Bb7 16. Qc2 O-O 17. e5 g6 18. h4 h6 19. g4 Qe7 20. Be4 Nd5 21. Bxd5 cxd5
22. g5 h5 23. Nd2 Rac8 24. Qb1 b4 25. Nb3 Qd8 26. Nc5 Qb6 27. Rd3 a5 28. Nd7 Qd8
29. Nxf8 Ba6 30. Nxg6 fxg6 31. Rdf3 Bxf1 32. Qxf1 Qe7 0-1

[Event "AUTO-ADV-3024"]
[Site "http://www.queenalice.com/game.php?id=1238170"]
[Date "2013.12.6"]
[Round "1"]
[White "Spessatto"]
[Black "chessguy"]
[Result "1-0"]
[WhiteElo "1826"]
[BlackElo "1837"]

1. d4 Nf6 2. h3 e6 3. Bf4 d5 4. Nf3 c5 5. e3 Nc6 6. c3 Ne4 7. Bd3 cxd4 8. exd4
Qb6 9. b3 a5 10. O-O g6 11. Ne5 Bg7 12. Nd2 Nxc3 13. Qf3 Qxd4 14. Nxc6 bxc6 15.
Rfc1 Ne4 16. Rab1 Kd7 17. Nxe4 dxe4 18. Bxe4 Bb7 19. Rd1 Rac8 20. Rxd4+ Bxd4 21.
Rd1 c5 22. Bxb7 Rc7 23. Ba6 1-0

[Event "AUTO-ADV-3024"]
[Site "http://www.queenalice.com/game.php?id=1238171"]
[Date "2013.12.6"]
[Round "1"]
[White "chessguy"]
[Black "Spessatto"]
[Result "0-1"]
[WhiteElo "1753"]
[BlackElo "1934"]

1. d4 d5 2. Nf3 a6 3. Bf4 Bg4 4. h3 Bxf3 5. exf3 e6 6. c4 Bd6 7. Be5 Bxe5 8.
dxe5 Ne7 9. Nd2 O-O 10. Qb3 b6 11. Bd3 Ng6 12. Qc3 Nf4 13. O-O Qg5 14. g3 Nxh3+
15. Kg2 Nf4+ 16. Kh1 Qh5+ 17. Kg1 Nxd3 18. Qxd3 dxc4 19. Qxc4 c5 20. Qe4 Nd7 21.
Kg2 h6 22. Rh1 Qg5 23. f4 Qf5 24. Qxf5 exf5 25. Nc4 b5 26. Nd6 f6 27. e6 Nb6 28.
Nxf5 Rfe8 29. Rae1 Kh7 30. e7 Nd5 31. Kf3 Kg6 32. g4 Kf7 33. Nd6+ Kg8 34. Nf5
Ra7 35. g5 Nxe7 36. Kg4 Kf8 37. gxh6 gxh6 38. Rxh6 Nxf5 0-1

[Event "AUTO-ADV-3024"]
[Site "http://www.queenalice.com/game.php?id=1238182"]
[Date "2013.12.6"]
[Round "1"]
[White "chessguy"]
[Black "danielporrasarias"]
[Result "0-1"]
[WhiteElo "1629"]
[BlackElo "1642"]

1. d4 d5 2. Nf3 Bf5 3. Bf4 Nc6 4. e3 a6 5. c4 e6 6. Qa4 dxc4 7. Qxc4 Nf6 8. Nc3
Be7 9. Nh4 Bg6 10. Qb3 b5 11. g3 Be4 12. Nxe4 Nxe4 13. a3 g5 14. f3 gxf4 15.
fxe4 Bxh4 16. exf4 Nxd4 17. Qc3 Be7 18. Rd1 c5 19. b4 Qb6 20. Rc1 c4 21. Bg2 Rd8
22. Kf1 Rg8 0-1

[Event "AUTO-ADV-3024"]
[Site "http://www.queenalice.com/game.php?id=1238183"]
[Date "2013.12.6"]
[Round "1"]
[White "danielporrasarias"]
[Black "chessguy"]
[Result "1-0"]
[WhiteElo "1596"]
[BlackElo "1647"]

1. e4 Nc6 2. Nf3 Nf6 3. e5 Nd5 4. d4 d6 5. Bb5 Bd7 6. c4 Nb6 7. exd6 exd6 8. d5
Ne5 9. Bxd7+ Nbxd7 10. O-O Be7 11. Re1 O-O 12. Nc3 Nc5 13. Nxe5 dxe5 14. Rxe5
Bd6 15. Re1 c6 16. h3 f5 17. Qf3 Qc7 18. b3 Bh2+ 19. Kf1 f4 20. dxc6 bxc6 21.
Ne4 Ne6 22. Bb2 1-0

[Event "AUTO-ADV-3025"]
[Site "http://www.queenalice.com/game.php?id=1238484"]
[Date "2013.12.8"]
[Round "1"]
[White "biskydad"]
[Black "chessguy"]
[Result "1-0"]
[WhiteElo "1822"]
[BlackElo "1664"]

1. d4 Nf6 2. c4 d5 3. Nc3 Bf5 4. e3 e6 5. Nf3 c5 6. Ne5 Nbd7 7. Nxd7 Qxd7 8.
cxd5 a6 9. dxe6 Bxe6 10. h3 cxd4 11. exd4 Bb4 12. a3 Ba5 13. Be2 Nd5 14. Bd2
Nxc3 15. bxc3 Rc8 16. Rc1 O-O 17. O-O Bc7 18. f4 Bxh3 19. gxh3 Qxh3 20. Kf2 Qh2+
21. Ke1 Qg3+ 22. Rf2 Rfe8 23. a4 1-0

[Event "AUTO-ADV-3025"]
[Site "http://www.queenalice.com/game.php?id=1238485"]
[Date "2013.12.8"]
[Round "1"]
[White "chessguy"]
[Black "biskydad"]
[Result "0-1"]
[WhiteElo "1675"]
[BlackElo "1811"]

1. d4 Nf6 2. Nf3 c5 3. c3 d5 4. Bf4 Nc6 5. e3 e6 6. Bb5 Be7 7. Ne5 O-O 8. O-O
Ne4 9. Nxc6 Qd7 10. Nxe7+ Qxe7 11. Nd2 a6 12. Bd3 f5 13. f3 Nf6 14. e4 Nh5 15.
Be5 c4 16. b3 cxd3 17. f4 fxe4 18. Qxh5 b5 19. a4 b4 20. c4 Rf5 21. Qh3 a5 22.
g4 Rf7 0-1

[Event "AUTO-ADV-3025"]
[Site "http://www.queenalice.com/game.php?id=1238500"]
[Date "2013.12.8"]
[Round "1"]
[White "oevidalr"]
[Black "chessguy"]
[Result "1-0"]
[WhiteElo "1756"]
[BlackElo "1715"]

1. e4 Nc6 2. Nf3 Nf6 3. Nc3 e6 4. a3 b6 5. Bc4 d5 6. Bb5 Bb7 7. Bxc6+ Bxc6 8. d3
dxe4 9. Ne5 Bb7 10. dxe4 Qxd1+ 11. Nxd1 Bd6 12. Nf3 Nxe4 13. O-O h5 14. b4 h4
15. h3 g5 16. Nxg5 O-O-O 17. Nxf7 Rhf8 18. Nxd8 Kxd8 19. f3 1-0

[Event "AUTO-ADV-3025"]
[Site "http://www.queenalice.com/game.php?id=1238501"]
[Date "2013.12.8"]
[Round "1"]
[White "chessguy"]
[Black "oevidalr"]
[Result "0-1"]
[WhiteElo "1731"]
[BlackElo "1740"]

1. d4 d5 2. Nf3 Nf6 3. Bf4 h6 4. e3 a6 5. c4 c6 6. c5 e6 7. Bd3 Be7 8. Nc3 O-O
9. Qc2 Nh5 10. Bg3 Nxg3 11. hxg3 Re8 12. Bh7+ Kf8 13. Ne5 Bf6 14. Nxf7 Kxf7 15.
Bg6+ Ke7 16. Rd1 Rf8 17. e4 e5 18. exd5 cxd5 0-1

[Event "AUTO-ADV-3025"]
[Site "http://www.queenalice.com/game.php?id=1238510"]
[Date "2013.12.8"]
[Round "1"]
[White "marcomasao"]
[Black "chessguy"]
[Result "1-0"]
[WhiteElo "1763"]
[BlackElo "1701"]

1. e4 Nc6 2. Bc4 e6 3. Nf3 Nf6 4. Nc3 Bb4 5. Qe2 O-O 6. a3 Bc5 7. d3 Ng4 8. Be3
Nxe3 9. fxe3 d6 10. O-O-O a6 11. Ba2 b5 12. g4 b4 13. Nb1 bxa3 14. b3 Nb4 15. c4
Nxa2+ 16. Qxa2 Bxe3+ 17. Nbd2 d5 18. h4 dxc4 19. dxc4 e5 20. Qxa3 Bb7 21. Nxe5
Bxe4 22. Rhe1 Qd4 23. Qb2 Bxd2+ 24. Rxd2 Qxb2+ 25. Rxb2 1-0

[Event "AUTO-ADV-3025"]
[Site "http://www.queenalice.com/game.php?id=1238511"]
[Date "2013.12.8"]
[Round "1"]
[White "chessguy"]
[Black "marcomasao"]
[Result "0-1"]
[WhiteElo "1687"]
[BlackElo "1777"]

1. d4 d5 2. Nf3 Bf5 3. Bf4 Nc6 4. e3 Nb4 5. Na3 a6 6. Bd3 Bg6 7. Ne5 Bxd3 8.
Nxd3 e6 9. Ne5 Bd6 10. c4 Nf6 11. c5 Bxe5 12. Bxe5 Nc6 13. Bf4 Qd7 14. Qf3 O-O
15. Qg3 Nh5 16. Qg4 Nf6 17. Qg3 b5 18. cxb6 cxb6 19. Ke2 Nb4 20. Be5 Qe7 21. h4
Rac8 22. h5 Nc2 23. h6 g6 24. Nxc2 Nd7 0-1

[Event "AUTO-OPEN-3138"]
[Site "http://www.queenalice.com/game.php?id=1238600"]
[Date "2013.12.8"]
[Round "1"]
[White "heidy"]
[Black "chessguy"]
[Result "1-0"]
[WhiteElo "2025"]
[BlackElo "1654"]

1. e4 Nc6 2. Nf3 Nf6 3. Nc3 e6 4. d4 d5 5. exd5 Nxd5 6. Bc4 Bb4 7. Bd2 Nxc3 8.
bxc3 Bd6 9. O-O Na5 10. Bd3 b6 11. Ng5 Bb7 12. Qh5 g6 13. Qe2 c5 14. Ne4 Qc7 15.
Nxd6+ Qxd6 16. Bg5 h6 17. Bf6 Rg8 18. dxc5 1-0

[Event "AUTO-OPEN-3138"]
[Site "http://www.queenalice.com/game.php?id=1238601"]
[Date "2013.12.8"]
[Round "1"]
[White "chessguy"]
[Black "heidy"]
[Result "0-1"]
[WhiteElo "1652"]
[BlackElo "2027"]

1. d4 Nf6 2. Nf3 g6 3. Bf4 Bg7 4. e3 d5 5. c4 O-O 6. Nc3 c6 7. cxd5 Nxd5 8. Ne4
Nxf4 9. exf4 Bg4 10. h3 Bxf3 11. Qxf3 Qxd4 12. Nc3 Qb4 13. Rb1 Bxc3+ 14. Ke2 Bf6
15. h4 Rd8 16. Rd1 Na6 17. g4 Rxd1 18. Kxd1 Rd8+ 0-1

[Event "AUTO-OPEN-3138"]
[Site "http://www.queenalice.com/game.php?id=1238624"]
[Date "2013.12.8"]
[Round "1"]
[White "Ruusgugg"]
[Black "chessguy"]
[Result "0-1"]
[WhiteElo "1347"]
[BlackElo "1835"]

1. d3 d5 2. Nf3 Nf6 3. Ne5 Nbd7 4. Nf3 e5 5. g3 e4 6. dxe4 dxe4 7. Nd4 Bc5 8.
Nf5 Ng4 9. Nxg7+ Kf8 10. Nf5 Bxf2+ 11. Kd2 Nde5+ 12. Nd4 Qxd4# 0-1

[Event "AUTO-OPEN-3138"]
[Site "http://www.queenalice.com/game.php?id=1238625"]
[Date "2013.12.8"]
[Round "1"]
[White "chessguy"]
[Black "Ruusgugg"]
[Result "1-0"]
[WhiteElo "1821"]
[BlackElo "1330"]

1. d4 d5 2. Nf3 h5 3. Bf4 Nf6 4. e3 Ne4 5. Nbd2 Nf6 6. c4 h4 7. cxd5 Nxd5 8. Bc4
h3 9. g3 Nxf4 10. gxf4 Bg4 11. Bxf7+ Kxf7 12. Ne5+ Ke8 13. Qxg4 Qd5 14. f3 e6
15. Qg6+ Kd8 16. Nf7+ Kc8 17. Nxh8 Nc6 18. Qe8+ Qd8 19. Qxe6+ Kb8 20. Qxh3 Qe8
21. Ne4 Nb4 22. O-O Nc2 23. Rac1 Nxe3 24. Rf2 Qc6 25. Rxc6 bxc6 26. Qe6 Nd5 27.
Qe8+ Kb7 28. Qxa8+ 1-0

[Event "AUTO-OPEN-3138"]
[Site "http://www.queenalice.com/game.php?id=1238640"]
[Date "2013.12.8"]
[Round "1"]
[White "chessguy"]
[Black "Canaye"]
[Result "0-1"]
[WhiteElo "1784"]
[BlackElo "1797"]

1. d4 e6 2. Nf3 d5 3. Bf4 c5 4. e3 cxd4 5. exd4 Nc6 6. Bb5 Nf6 7. Ne5 Qa5+ 8.
Nc3 Bd7 9. O-O Nxe5 10. dxe5 Bxb5 11. Nxb5 Ne4 12. Nd6+ Bxd6 13. exd6 O-O 14.
Kh1 Rfd8 15. f3 Nxd6 16. g3 Qb6 17. Qc1 Nf5 18. g4 Ne7 19. Be3 d4 20. Bg1 e5 21.
c3 Nc6 22. a4 Qa6 23. h3 d3 24. Rd1 Qc4 25. Rd2 e4 26. Qe1 exf3 0-1

[Event "AUTO-OPEN-3138"]
[Site "http://www.queenalice.com/game.php?id=1238641"]
[Date "2013.12.8"]
[Round "1"]
[White "Canaye"]
[Black "chessguy"]
[Result "1-0"]
[WhiteElo "1812"]
[BlackElo "1769"]

1. d4 Nf6 2. c4 d5 3. cxd5 Nxd5 4. e4 Nf6 5. Nc3 e6 6. f3 c5 7. Bg5 h6 8. Bxf6
Qxf6 9. Bb5+ Bd7 10. Bxd7+ Nxd7 11. Nge2 cxd4 12. Qxd4 Bc5 13. Qa4 Rd8 14. Rd1
Qe7 15. Nd4 O-O 16. O-O Qf6 17. Kh1 Qg6 18. Nce2 Bb6 19. Nf4 Qg5 20. Nfe2 e5 21.
Nf5 Nc5 22. Qc2 g6 23. h4 Qh5 24. g4 gxf5 25. gxh5 fxe4 26. Rxd8 Rxd8 27. Rg1+
1-0